00693 a2200205 45000010006000000050017000060080041000230030015000640400040000790800055001192450080001740200018002542640044002723000017003165050032003330410008003651000027003737000035004007000052004354132320260407155707.0260407a1983 arg spa dAR-UNSa-BCEJYS aAR-UNSa-BCEJYSbspacAR-UNSa-BCEJYS a347.91(094.4)xCódigo Procesal Civil y Comercial10aCódigo procesal civil y comercial de la nación y normas complementarias a950-14-0109-X 1aBuenos Aires :bEdiciones Depalmac1983 a2 v.c23 cm. aTomo I: Artículos 1 a 318 aspa1 aPalma, Jorge Francisco1 aSerantes Peña, Oscar Enrique1 aArgentina (Código Procesal Civil y Comercial)